00916nam a2200193 a 450000100060000000300090000600800410001502000150005604000280007108200170009910000360011624501160015226000400026830000080030850503370031665000160065365000300066965000230069921276CO-ViMGA141112s2004 ck r 000 u spa d a8420550035 aCO-ViMGAbspacCO-ViMGA04a370.78 C173d1 aCardona Moltó, Maria Cristina10aDiversidad y educación inclusiva : bEnfoques metodológicos y estrategias para una enseñanza colaborativa aMadrid; Pearson educación, c2006 a264 aDiversidad y diferencias humanas Factores de diferenciación humana 3 - - La respuesta educativa a las diferencias Estrategias didácticas : La individualización y diferenciación del currículo 75 - - Líneas de investigación sobre integración e inclusión Creencias, percepciones y actitudes hacia la inclusión 187 14aeducación14aInvestigación EDUCATIVA14aPEDAGOGIA ESPECIAL